Stare Flagi Państw Europejskich #2 - Statystyki

Ogólne statystyki
  • Ten quiz został rozwiązany 614 razy
  • Średni wynik to 9 z 16
Statystyki odpowiedzi
Obrazkowy Odpowiedź % Poprawnych
Turcja
81%
Rosja
77%
Irlandia
71%
Holandia
70%
Łotwa
69%
Chorwacja
68%
Serbia
62%
Norwegia
58%
Bośnia i Hercegowina
50%
Szwajcaria
45%
Finlandia
42%
Islandia
41%
Watykan
41%
Luksemburg
39%
Czarnogóra
32%
Andora
31%
Nie znaleziono quizów pasujących do podanych kryteriów
Rozkład punktacji
Procent ludzi z każdym wynikiem
Percentyl według liczby udzielonych odpowiedzi
Twoja historia wyników
Nie rozwiązałeś tego quizu